La familia y la sociedad española : (Record no. 79820)

MARC details
000 -LEADER
campo de control de longitud fija 00882nam a2200205 i 4500
001 - NÚMERO DE CONTROL
campo de control 79820
003 - IDENTIFICADOR DE NÚMERO DE CONTROL
campo de control ES-MaACL
005 - FECHA Y HORA DE LA ÚLTIMA TRANSACCIÓN
campo de control 20230906174046.0
007 - CAMPO FIJO DE DESCRIPCIÓN FÍSICA--INFORMACIÓN GENERAL
campo de control de longitud fija t|
008 - DATOS DE LONGITUD FIJA--INFORMACIÓN GENERAL
campo de control de longitud fija 041025s1975 sp ||||1| spa d
100 1# - ENTRADA PRINCIPAL--NOMBRE DE PERSONA
Nombre de persona Herrero Tejedor, Fernando.
9 (RLIN) 63344
245 13 - MENCIÓN DEL TÍTULO
Título La familia y la sociedad española :
Resto del título discurso pronunciado en el acto de clausura del III Congreso Nacional de la Familia, celebrado en el salón de actos del Instituto Nacional de Educación Física y Deportes, el día 7 de junio de 1975 /
Mención de responsabilidad, etc. Fernando Herrero Tejedor.
260 ## - PUBLICACIÓN, DISTRIBUCIÓN, ETC.
Lugar de publicación, distribución, etc. [Madrid] :
Nombre del editor, distribuidor, etc. Ediciones del Movimiento,
Fecha de publicación, distribución, etc. [1975]
300 ## - DESCRIPCIÓN FÍSICA
Extensión 21 p. ;
Dimensiones 21 cm.
650 #4 - PUNTO DE ACCESO ADICIONAL DE MATERIA--TÉRMINO DE MATERIA
Término de materia o nombre geográfico como elemento de entrada Familias-
Subdivisión geográfica España.
9 (RLIN) 153338
710 2# - ENTRADA AGREGADA--NOMBRE DE ENTIDAD CORPORATIVA
Nombre de entidad corporativa o nombre de jurisdicción como elemento de entrada Ediciones del Movimiento.
9 (RLIN) 171800
711 2# - ENTRADA AGREGADA--NOMBRE DE REUNIÓN
Nombre de congreso/reunión o jurisdicción como elemento de entrada Congreso Nacional de la Familia Española (
Número del congreso/reunión o número de parte o sección 3º.
Fecha del congreso o de la firma del tratado 1975.
Sede del congreso/Lugar de la reunión Madrid)
9 (RLIN) 171823
852 ## - LOCALIZACIÓN
Ubicación ES-MaACL
Número de control de estantería 2096-F-11
852 ## - LOCALIZACIÓN
Ubicación ES-MaACL
Número de control de estantería 2096-F-12
Holdings
Estatus retirado Estado de pérdida Estado de daño No para préstamo Colección Biblioteca de origen Biblioteca actual Ubicación en estantería Fecha de adquisición Fuente de adquisición Total de préstamos Signatura topográfica completa Código de barras Visto por última vez Precio de reemplazo Tipo de ítem Koha
        Colección de folletos Biblioteca del Ateneo de Madrid Biblioteca del Ateneo de Madrid Depósito folletos 17/01/2008     2096-F-12 1083465 23/02/2023 23/02/2023 Folleto
        Colección de folletos Biblioteca del Ateneo de Madrid Biblioteca del Ateneo de Madrid Depósito folletos 17/01/2008     2096-F-11 1083464 23/02/2023 23/02/2023 Folleto